<?xml version="1.0" encoding="UTF-8"?>
<collection xmlns:xsi="http://www.w3.org/2001/XMLSchema-instance" xsi:schemaLocation="http://www.loc.gov/MARC21/slim http://www.loc.gov/standards/marcxml/schema/MARC21slim.xsd" xmlns="http://www.loc.gov/MARC21/slim">
 <record>
  <leader>00000nam a22000004a 4500</leader>
  <controlfield tag="001">UP-1686042739784945945</controlfield>
  <controlfield tag="003">Buklod</controlfield>
  <controlfield tag="005">20250509114517.0</controlfield>
  <controlfield tag="006">m    |o  d |      </controlfield>
  <controlfield tag="007">ta</controlfield>
  <controlfield tag="008">250509s2023    ph      r     000 j eng d</controlfield>
  <datafield tag="020" ind1=" " ind2=" ">
   <subfield code="a">9786210900132</subfield>
  </datafield>
  <datafield tag="040" ind1=" " ind2=" ">
   <subfield code="a">DMLF</subfield>
   <subfield code="e">rda</subfield>
  </datafield>
  <datafield tag="041" ind1=" " ind2=" ">
   <subfield code="a">fil</subfield>
  </datafield>
  <datafield tag="042" ind1=" " ind2=" ">
   <subfield code="a">DMLUC</subfield>
  </datafield>
  <datafield tag="090" ind1=" " ind2=" ">
   <subfield code="a">PL 6164.4</subfield>
   <subfield code="b">A67 2023</subfield>
  </datafield>
  <datafield tag="245" ind1="0" ind2="0">
   <subfield code="a">Anti-Katha</subfield>
   <subfield code="b">agos sa experimental na kuwento sa Pilipinas</subfield>
   <subfield code="c">Rolando B. Tolentino [at] Rommel B. Rodriguez, mga editor.</subfield>
  </datafield>
  <datafield tag="264" ind1=" " ind2="1">
   <subfield code="a">Quezon City</subfield>
   <subfield code="b">University of the Philippines Press</subfield>
   <subfield code="c">[2023]</subfield>
  </datafield>
  <datafield tag="300" ind1=" " ind2=" ">
   <subfield code="a">vii, 378 pages</subfield>
   <subfield code="c">23 cm</subfield>
  </datafield>
  <datafield tag="336" ind1=" " ind2=" ">
   <subfield code="a">text</subfield>
   <subfield code="2">rdacontent</subfield>
  </datafield>
  <datafield tag="337" ind1=" " ind2=" ">
   <subfield code="a">unmediated</subfield>
   <subfield code="2">rdamedia</subfield>
  </datafield>
  <datafield tag="338" ind1=" " ind2=" ">
   <subfield code="a">volume</subfield>
   <subfield code="2">rdacarrier</subfield>
  </datafield>
  <datafield tag="490" ind1="0" ind2=" ">
   <subfield code="a">The Philippine writers series 2023</subfield>
  </datafield>
  <datafield tag="505" ind1="0" ind2=" ">
   <subfield code="a">Nilalaman</subfield>
   <subfield code="t">Experimento, experimental sa pagkatha ng Anti-Katha</subfield>
   <subfield code="r">Rolando B. Tolentino at Rommel B. Rodriguez</subfield>
   <subfield code="t">Si Aida, o si Lorna, o si Fe. Kanino ka, Marco?</subfield>
   <subfield code="r">Nonon Carandang.</subfield>
   <subfield code="t">Agnas</subfield>
   <subfield code="r">Mar Anthony Simon de la Cruz.</subfield>
   <subfield code="t">Ahas, Bahay (walong varyasyon)</subfield>
   <subfield code="r">Carlo Paulo Pacolor.</subfield>
   <subfield code="t">13 payo sa pagsulat ng kuwento as if marunong magkuwento and nagpapayo</subfield>
   <subfield code="r">German Villanueva Gervacio.</subfield>
   <subfield code="t">Kahapon, Ngayon, Bukas : Isang performatibong panulat</subfield>
   <subfield code="r">Reagan Romero Maiquez.</subfield>
   <subfield code="t">Nakaw</subfield>
   <subfield code="r">Chuckberry J. Pascual.</subfield>
   <subfield code="t">Ikapitong utos</subfield>
   <subfield code="r">Jonathan Vergara Geronimo.</subfield>
   <subfield code="t">Karambola</subfield>
   <subfield code="r">Mark Angeles.</subfield>
   <subfield code="t">Mga bugtong</subfield>
   <subfield code="r">U Eliserio.</subfield>
   <subfield code="t">Walan plano at binurang Miranda Rights</subfield>
   <subfield code="r">China Pearl Patria M. De Vera.</subfield>
   <subfield code="t">Mga kuwentong pelikula</subfield>
   <subfield code="r">Eric Abalajon.</subfield>
   <subfield code="t">Dekodigong 1/100: mga master, mga grado, mga dagling rebyu</subfield>
   <subfield code="r">Tilde Acuña.</subfield>
   <subfield code="t">Dead role</subfield>
   <subfield code="r">Emmanuel T. Barrameda.</subfield>
   <subfield code="t">Maikling kasaysayan ng mga ginawa ng mga Heswita sa bayan ng Cabangga</subfield>
   <subfield code="r">Christoffer Mitch C. Cerda.</subfield>
   <subfield code="t">Pigsa sa Mata</subfield>
   <subfield code="t">Ang mga halimaw1,2,3, ng San Jose</subfield>
   <subfield code="r">Rowena P. Festin.</subfield>
   <subfield code="t">Minutes of the meeting</subfield>
   <subfield code="r">Hannah A. Leceña.</subfield>
   <subfield code="r">Khavn De la Cruz.</subfield>
   <subfield code="t">Saduwen Mufak</subfield>
   <subfield code="r">Jay Jomar F. Quintos.</subfield>
   <subfield code="t">Panayam sa isang batang saksi: pagmamasid bilang kalahok</subfield>
   <subfield code="r">Adelaimar C. Arias Jose.</subfield>
   <subfield code="t">Rekwisit para sa kaligtasan</subfield>
   <subfield code="r">Gabriel Mari Oblefias.</subfield>
   <subfield code="t">Quarantine Ŝlumbook ni Dodong D.</subfield>
   <subfield code="r">Tatewaki Magami.</subfield>
   <subfield code="t">Chat sa Growlr: may bakuna ka na?</subfield>
   <subfield code="r">John Iremil Teodoro.</subfield>
   <subfield code="t">Epilogo 1 &quot;pagsilang&quot;</subfield>
   <subfield code="r">Rommel B. Gutierrez.</subfield>
   <subfield code="t">Epilogo 2 Ang mahabang mga araw at gabi ng kawalan ng laman at saysay</subfield>
   <subfield code="r">Rolando B. Tolentino.</subfield>
  </datafield>
  <datafield tag="650" ind1="0" ind2="0">
   <subfield code="a">Short stories, Filipino.</subfield>
  </datafield>
  <datafield tag="650" ind1=" " ind2="0">
   <subfield code="a">Experimental fiction, Filipino.</subfield>
  </datafield>
  <datafield tag="700" ind1="1" ind2=" ">
   <subfield code="a">Tolentino, Rolando B.</subfield>
   <subfield code="e">editor.</subfield>
  </datafield>
  <datafield tag="700" ind1="1" ind2=" ">
   <subfield code="a">Rodriguez, Rommel B.</subfield>
   <subfield code="e">editor.</subfield>
  </datafield>
  <datafield tag="700" ind1="1" ind2=" ">
   <subfield code="a">Baquiran, Romulo P.</subfield>
   <subfield code="e">series editor.</subfield>
  </datafield>
  <datafield tag="700" ind1="1" ind2=" ">
   <subfield code="a">Cleto, Luna Sicat</subfield>
   <subfield code="e">series editor.</subfield>
  </datafield>
  <datafield tag="905" ind1=" " ind2=" ">
   <subfield code="a">FI</subfield>
  </datafield>
  <datafield tag="852" ind1="0" ind2=" ">
   <subfield code="a">UPD</subfield>
   <subfield code="b">DMC</subfield>
   <subfield code="h">PL 6164.4</subfield>
   <subfield code="i">A67 2023</subfield>
  </datafield>
  <datafield tag="852" ind1="0" ind2=" ">
   <subfield code="a">UPD</subfield>
   <subfield code="b">DMLF</subfield>
   <subfield code="h">PL 6164.4</subfield>
   <subfield code="i">A67 2023</subfield>
  </datafield>
  <datafield tag="942" ind1=" " ind2=" ">
   <subfield code="a">Book</subfield>
  </datafield>
 </record>
</collection>
